000 01012cam a22003373a 4500
001 105
003 PGUSA
005 20140828082944.0
008 940201s1994||||xxu|||||s|||||000 1 eng d
040 _aPGUSA
_beng
042 _adc
050 4 _aPR
100 1 _aAusten, Jane,
_d1775-1817
245 1 0 _aPersuasion
_h[electronic resource] /
_cJane Austen
260 _bProject Gutenberg,
_c1994
506 _aPublic domain in the USA.
516 _aElectronic text
653 _aShip captains -- Fiction
653 _aPsychological fiction
653 _aFirst loves -- Fiction
653 _aRegency fiction
653 _aDysfunctional families -- Fiction
653 _aMotherless families -- Fiction
653 _aLove stories
653 _aEngland -- Social life and customs -- 19th century -- Fiction
653 _aYoung women -- Fiction
653 _aRejection (Psychology) -- Fiction
830 0 _aProject Gutenberg
_v105
856 4 0 _uhttp://www.gutenberg.org/ebooks/105
942 _cEB
999 _c229476
_d229476